Statistics for Shapes of Countries with Same-Sex/Gay Marriage

Click here to take the quiz!

General Stats

  • This quiz has been taken 781 times
    (105 since last reset)
  • The average score is 30 of 34

Answer Stats

Answer% Correct
Norway
98%
Spain
98%
Brazil
97%
France
97%
United States
97%
Netherlands
96%
New Zealand
96%
Portugal
96%
South Africa
96%
Sweden
96%
Australia
94%
Canada
94%
Iceland
94%
Argentina
93%
Germany
93%
Austria
92%
Denmark
92%
United Kingdom
92%
Finland
90%
Ireland
90%
Chile
89%
Belgium
87%
Mexico
85%
Cuba
83%
Switzerland
83%
Taiwan
83%
Malta
80%
Colombia
79%
Luxembourg
75%
Slovenia
75%
Costa Rica
74%
Ecuador
66%
Uruguay
63%
Andorra
55%

Score Distribution

Percentile by Number Answered

Percent of People with Each Score

Your Score History

You have not taken this quiz since the last reset